000 00260nam a2200109Ia 4500
008 220204s9999 xx 000 0 und d
082 _a82-7
_bFEL
100 _aFeldstein, Albert B
245 4 _aThe mad sampler
260 _aNew York
_bWarner
_c1979
942 _cBK
999 _c37525
_d37525